Statistics for Billy Joel Lyrics Quiz (Part 37)

Click here to take the quiz!

General Stats

  • This quiz has been taken 21 times
  • The average score is 159 of 297

Answer Stats

Answer% Correct
a
100%
A
100%
the
100%
an
94%
I
94%
to?
94%
To
94%
to
94%
she
88%
She
88%
you
88%
do
82%
Do
82%
me?
82%
me
82%
my
82%
And
76%
her
76%
In
76%
in
76%
of
76%
They
76%
am
71%
Be
71%
be
71%
can
71%
is
71%
night
71%
on
71%
On
71%
so
71%
When
71%
Who
71%
if
65%
If
65%
middle
65%
Some
65%
that
65%
That
65%
time
65%
up
65%
For
59%
I’m
59%
It’s
59%
she’s
59%
She’s
59%
Then
59%
What
59%
Why
59%
Will
59%
does
53%
don’t
53%
friend
53%
Here
53%
How
53%
life
53%
like
53%
someone
53%
Was
53%
was
53%
All
47%
all
47%
any
47%
Been
47%
Calls
47%
ever
47%
fool
47%
good
47%
had
47%
isn’t
47%
long
47%
long?
47%
needs
47%
only
47%
way
47%
best
41%
cracked
41%
Even
41%
face
41%
Has
41%
has
41%
I’ve
41%
one
41%
says
41%
tells
41%
this
41%
very
41%
bad?
35%
feel
35%
Feeling
35%
fix
35%
Laura
35%
Loves
35%
push
35%
should
35%
side
35%
supposed
35%
they’re
35%
think
35%
through
35%
While
35%
alone
29%
always
29%
break
29%
button
29%
care
29%
caught
29%
coffee
29%
doors
29%
Failure
29%
fucking
29%
get
29%
Living
29%
machine
29%
made
29%
mistake
29%
problem
29%
programmed
29%
seen
29%
slamming
29%
suddenly
29%
table
29%
That’s
29%
these
29%
though
29%
tricks
29%
answers
24%
believes
24%
done
24%
else
24%
fingers
24%
Hang
24%
hard
24%
hold
24%
keys
24%
off
24%
poison
24%
punch
24%
questions
24%
react
24%
sign
24%
would
24%
action
18%
bleeding
18%
careless
18%
cool
18%
disaster
18%
electrocution
18%
everything
18%
Everytime
18%
exactly
18%
Faced
18%
fight
18%
hook
18%
Immunized
18%
information
18%
intends
18%
lose
18%
makes
18%
Painful
18%
Passes
18%
She’ll
18%
Sometimes
18%
sympathetic
18%
Til
18%
vice
18%
wars
18%
wrong
18%
absolution
12%
aggressive
12%
chair
12%
chances
12%
cord
12%
deal
12%
Godfather
12%
herself
12%
put
12%
sacred
12%
second
12%
surviving
12%
taking
12%
umbilical
12%

Score Distribution

Percentile by Number Answered

Percent of People with Each Score

Your Score History

You have not taken this quiz